[Event "Berkeley Summer IM 2019"]
[Site "Berkeley"]
[Date "2019.08.19"]
[Round "4.3"]
[White "Lujan, Carolina"]
[Black "Krush, Irina"]
[Result "1/2-1/2"]
[WhiteElo "2352"]
[BlackElo "2417"]
[Annotator "TA"]
[PlyCount "101"]
[EventDate "2019.08.14"]
[EventType "tourn"]
[EventCountry "USA"]
[SourceTitle "playchess.com"]
[Source "ChessBase"]
[SourceQuality "1"]

{[%evp 25,101,0,0,0,10,0,0,0,24,0,84,75,56,-29,-19,-81,-20,-24,-19,-19,-22,-21,0,-16,0,-6,-2,-11,0,0,0,0,0,0,0,0,0,0,0,0,0,0,0,0,0,0,0,0,0,0,0,0,0,0,0,0,0,0,0,0,0,-29,-8,-8,0,0,0,0,0,0,0,0,0,0,0,0,0,0]} 1. e4 c5 2. Nf3 d6 3. d4 cxd4 4. Nxd4 Nf6 5. Nc3 Nc6 6. Be2 e6 7. O-O Be7 8. Be3 O-O 9. Kh1 Nxd4 10. Qxd4 Bd7 11. f4 Bc6 12. Bf3 Qc7 13. a4 {[%cal Ba2a4,Ba4a5][%mdl 32]} a6 14. a5 {B84: Sicilian Scheveningen: 6 Be2 a6, lines without early Be3} Nd7 15. Rfd1 Rac8 16. Qd2 {[#]} Nc5 $146 ({Predecessor:} 16... f5 17. e5 Bxf3 18. gxf3 Qc6 19. exd6 Bf6 20. Qg2 Rfd8 21. Rd3 Nf8 {½-½ (86) Sengupta,D (2540)-Ni,H (2660) Kolkata 2012}) 17. Qf2 b5 (17... Nd7 $11) 18. axb6 $1 $16 Qxb6 19. Bxc5 ({White should play} 19. Bd4 $14) 19... dxc5 $11 20. Na4 (20. Qe3 $11 {keeps the balance.}) 20... Bxa4 (20... Qb4 $17 21. c3 Qb7) 21. Rxa4 Qxb2 22. Rxa6 Rfd8 23. Raa1 {[%cal Ba6a1,Ba1b1,Bb1b3][%mdl 32]} g6 24. Qe2 Rd4 25. Rab1 Qc3 26. Rb3 Rxd1+ 27. Qxd1 Qa5 28. g3 c4 29. Rb7 Rd8 30. Rd7 Rxd7 31. Qxd7 Qc3 (31... Bc5 {seems wilder.} 32. Kg2 Kg7 33. Qd1 Qc3 34. e5 Qe3) 32. Qd1 Bc5 33. e5 Kg7 34. Kg2 Qe3 35. Qe2 Qg1+ 36. Kh3 c3 37. Qd1 Qe3 38. Qe2 Qd2 39. Kg2 Qd4 40. Qd1 Qf2+ 41. Kh3 Qd2 42. Qxd2 cxd2 {[%mdl 4096] Endgame KB-KB} 43. g4 h6 44. Kg3 {The position is equal.} g5 45. h4 gxf4+ 46. Kxf4 Bf2 47. h5 f6 48. c4 Bd4 49. exf6+ Kxf6 50. Ke4 Bc5 51. Kd3 {Accuracy: White = 64%, Black = 49%.} 1/2-1/2

[Event "Berkeley Summer IM 2019"]
[Site "Berkeley"]
[Date "2019.08.19"]
[Round "4.4"]
[White "Saikhanchimeg, Tsogtsaikhan"]
[Black "Matras-Clement, Agnieszka"]
[Result "0-1"]
[WhiteElo "2011"]
[BlackElo "2260"]
[Annotator "TA"]
[PlyCount "78"]
[EventDate "2019.08.14"]
[EventType "tourn"]
[EventCountry "USA"]
[SourceTitle "playchess.com"]
[Source "ChessBase"]
[SourceQuality "1"]

{[%evp 19,92,-35,-31,-44,-23,-19,-37,-29,-21,-184,-177,-217,-152,-127,-18,-14,-13,-162,-185,-192,-183,-245,-243,-271,-284,-281,-289,-311,-183,-181,-169,-283,-273,-310,-315,-329,-327,-313,-322,-309,-292,-395,-410,-402,-399,-358,-349,-487,-484,-493,-479,-568,-589,-580,-578,-678,-671,-679,-677,-1069,-1075,-914,-763,-927,-937,-29987,-29988,-29989,-29990,-29990,-29991,-29991,-29992,-29992,-29988]} 1. e4 c5 2. Nf3 Nc6 3. d4 cxd4 4. Nxd4 Nf6 5. Nc3 e6 6. Ndb5 Bb4 7. Nd6+ Ke7 8. Bf4 e5 9. Nf5+ Kf8 10. Bg5 d5 {...d4 is the strong threat.} 11. Bxf6 {B45: Sicilian Four Knights} Qxf6 12. Qxd5 Bxf5 13. exf5 {Black is slightly better.} Rd8 14. Qb3 $2 (14. Qf3 $11) 14... Qd6 $1 $19 {[%csl Gd8][%cal Rd6d2]} (14... Qxf5 15. Bb5 $11) 15. Bd3 Nd4 $146 {[%mdl 2048] Black is really pushing.} ({Predecessor:} 15... e4 16. Bxe4 Na5 17. Qa4 Qd4 18. O-O Bxc3 {½-½ (30) Stolterfoht,D (2004)-Aschenbrenner,R (2261) Graz 2009}) 16. Qa4 {[#]} b5 ({Black should try} 16... e4 $1 $17 {[%cal Re4d3][%mdl 512]} 17. Bc4 (17. Bxe4 b5) 17... Rc8) 17. Bxb5 $11 {Threatens to win with 0-0-0.} (17. Qxa7 $2 Qc6 $17) 17... Qc5 ({Of course not} 17... Nxb5 18. Qxb5 Bxc3+ 19. bxc3 $14) 18. O-O (18. Rd1 $1 $11 {and White stays safe.}) 18... Bxc3 $19 19. bxc3 Nxb5 20. Qa5 (20. Rad1 $142 Nd6 21. Rd3) 20... Rc8 21. Rfd1 {[#]} Ke7 $1 22. Rab1 Nd6 {[%cal Bb5d6,Bd6e8,Be8f6,Bf6g4][%mdl 32]} ({But not} 22... Nxc3 23. Qxc5+ Rxc5 24. Rb7+ Kf6 25. Rd6+ Kg5 26. Rxf7 $19) 23. Qa4 Rc7 ({Stronger than} 23... Qxc3 24. Rxd6 Kxd6 25. Rd1+ Ke7 26. Qd7+ Kf8 27. Qd6+ Ke8 28. Qd7+ Kf8 29. Qd6+ Ke8 30. Qd7+ Kf8 $11) (23... h5 $142 24. Rd3 e4) 24. Qg4 Ne8 25. Rd3 (25. Qg3 {was called for.}) 25... Nf6 26. Qxg7 Rg8 27. Qh6 {[#]} Qxf2+ $1 {[%mdl 576] Decoy} 28. Kxf2 Ng4+ {[%mdl 64] Double Attack} 29. Kg1 {White threatens Qd6+ and mate.} Nxh6 30. Re1 f6 31. Rh3 Nxf5 32. Rxh7+ Rg7 33. Rh5 Ke6 34. Rh3 Rc4 35. Rf3 {[#]} Nh4 $1 36. Rf2 Rxc3 37. Ref1 f5 38. Kh1 f4 39. Re2 {[#]} Rgc7 {Played: f4-f3} 0-1

[Event "Berkeley Summer IM 2019"]
[Site "Berkeley"]
[Date "2019.08.19"]
[Round "4.5"]
[White "Ordaz Valdes, Lisandra Teresa"]
[Black "Belakovskaia, Anjelina"]
[Result "1-0"]
[WhiteElo "2393"]
[BlackElo "2191"]
[Annotator "TA"]
[PlyCount "63"]
[EventDate "2019.08.14"]
[EventType "tourn"]
[EventCountry "USA"]
[SourceTitle "playchess.com"]
[Source "ChessBase"]
[SourceQuality "1"]

{[%evp 13,66,68,80,75,73,54,73,68,35,48,140,136,275,262,247,131,157,176,210,200,209,185,187,186,201,69,70,71,116,115,291,301,315,268,246,216,219,216,1018,1007,29979,29980,29975,29970,29964,29966,29996,29990,29990,29991,29991,29987,29987,29988,29999]} 1. d4 d5 2. c4 e5 3. dxe5 d4 4. Nf3 Nc6 5. a3 Bg4 6. Nbd2 Qe7 7. h3 Bh5 8. g4 {D08: Albin Counter Gambit} (8. Qa4 O-O-O 9. b4 Nxe5 10. Nxe5 Qxe5 11. Bb2 Kb8 12. Nb3 Nf6 13. e3 c5 14. bxc5 Bxc5 15. Bd3 Qg5 16. Nxc5 Qxc5 {0-1 (37) Sammalvuo,T (2416)-Kiik,K (2406) Finland 2018}) 8... Bg6 9. Bg2 O-O-O 10. O-O {White is better.} h5 $1 11. g5 $1 h4 ({Better is} 11... Qe6 $14) 12. b4 $16 f6 (12... Nxe5 $16 13. Qa4 Nxf3+ 14. Nxf3 a6) 13. exf6 $18 gxf6 14. b5 $146 (14. Bb2 $18) ({Predecessor:} 14. Nb3 Ne5 15. Nxe5 Qxe5 {0-1 (41) Mikenas,V-Mosionzhik,I Riga 1968}) 14... Ne5 15. Nxe5 fxe5 16. Ne4 Kb8 17. a4 Qh7 18. Qd3 $1 Ne7 {[#]} 19. b6 (19. f4 $1 $18) 19... cxb6 $14 20. a5 Nc8 21. axb6 Nxb6 $2 {[#]} (21... axb6 $16 22. Qf3 Bxe4 23. Qxe4 Qxe4 24. Bxe4 Nd6) 22. f4 $1 $18 Nd7 23. Ba3 Bxa3 24. f5 Bxf5 25. Rxf5 Qxf5 $2 (25... Bb4 26. Qf3 Qh5) 26. Qxa3 {Threatens to win with Nd6!} Qf8 27. Qxa7+ {White mates.} Kc7 28. Qa5+ Kc8 29. Rb1 b6 30. Qa6+ Kc7 31. Qa7+ Kc6 {[#]} 32. c5 {Played: Ne4-c5} 1-0

[Event "Berkeley Summer IM 2019"]
[Site "Berkeley"]
[Date "2019.08.19"]
[Round "5.1"]
[White "Matras-Clement, Agnieszka"]
[Black "Lujan, Carolina"]
[Result "1-0"]
[WhiteElo "2260"]
[BlackElo "2352"]
[Annotator "TA"]
[PlyCount "81"]
[EventDate "2019.08.14"]
[EventType "tourn"]
[EventCountry "USA"]
[SourceTitle "playchess.com"]
[Source "ChessBase"]
[SourceQuality "1"]

{[%evp 13,81,39,43,59,49,-18,-16,3,40,0,26,31,31,0,79,86,96,68,108,35,154,164,190,206,363,320,479,280,268,207,202,200,312,294,336,338,367,358,364,354,370,362,364,375,364,366,399,343,341,337,688,659,785,785,755,791,769,782,707,436,465,457,766,793,747,739,29997,29998,29998,29999]} 1. e4 d6 2. d4 Nf6 3. Nc3 g6 4. Be3 c6 5. Qd2 b5 6. f3 Bg7 7. O-O-O b4 8. Nce2 {B07: Pirc Defence: Miscellaneous Systems} a5 (8... Qa5 9. Kb1 Be6 10. Nc1 Nbd7 11. Nge2 Bc4 12. Bh6 Bxh6 13. Qxh6 Nb6 14. g4 O-O-O 15. Qd2 h6 {1-0 (36) Nikitenko,M (2365)-Filipets,E (2324) Rogachev 2018}) 9. Bh6 (9. Nf4 $14) 9... Bxh6 $11 10. Qxh6 {The position is equal.} Qc7 11. Kb1 Nbd7 12. Nh3 a4 $146 ({Predecessor:} 12... c5 13. dxc5 Qxc5 14. Qg5 Qxg5 15. Nxg5 {½-½ (29) Padysak,T (2022)-Diviak,R (2043) Slovakia 2009}) 13. Ng5 b3 (13... Ba6 $1 $11) 14. cxb3 $16 (14. Qg7 bxc2+ 15. Kxc2 Rf8 $11) 14... axb3 {[#]} 15. a3 $1 (15. Qg7 bxa2+ 16. Ka1 Rf8 $11) 15... Nb6 16. Nc1 (16. Nc3 $16) 16... Na4 ({Better is} 16... Qa7 $1 $14) 17. Bc4 (17. Nxb3 Rb8 $11) 17... d5 18. Bxb3 {Black must now prevent g4.} Qb6 $2 (18... Qa5 {is a better defense.} 19. Nd3 (19. Qg7 Rf8 $16) (19. Bxa4 Qxa4 20. Nd3 dxe4 $18) 19... Ba6) 19. Rhe1 (19. Qg7 Rf8 $18) 19... c5 (19... Rf8 {might work better.} 20. Ka1 (20. Nxh7 Nxh7 21. Qxh7 Qa5 $18) 20... dxe4 21. Nxe4 (21. fxe4 Qa5 $18) 21... Nxe4) 20. dxc5 ({Less strong is} 20. Qg7 Rf8 $18) (20. Bxa4+ $142 Rxa4 21. Qg7) 20... Nxc5 $18 21. Bxd5 Nxd5 22. Rxd5 $40 {[%mdl 128] White goes for the king.} ({Much less strong is} 22. exd5 $6 Bf5+ 23. Ne4 Rxa3 $16) 22... Ne6 (22... Na4 {was necessary.} 23. Qg7 Qf6 24. Qxf6 exf6) 23. Red1 Bb7 24. Rd7 {Hoping for Nxe6.} Rb8 {( -> ...Bxe4+!)} 25. R1d2 Nxg5 26. Qxg5 {[%csl Gd7][%cal Rg5e7]} O-O 27. Qxe7 Bc6 28. R7d6 Qa5 29. h4 Rfc8 30. Qf6 Ba4 31. h5 {h6 is the strong threat.} Qc7 $2 (31... Qc5 32. Rd8+ Be8) 32. Ne2 {h6 would kill now.} Bc2+ 33. Ka1 {White wants to mate with h6.} Bb3 34. Nc3 {Threatening mate with h6.} gxh5 35. Qg5+ Kf8 36. Qh6+ Kg8 37. Qxh5 Ra8 (37... Qe7 $142 38. a4 Be6) 38. Qg5+ Kf8 39. Qf6 Qa5 40. Qh8+ {[%mdl 64] [#] Double Attack} Ke7 41. Rd7+ {Accuracy: White = 59%, Black = 44%.} 1-0

[Event "Berkeley Summer IM 2019"]
[Site "Berkeley"]
[Date "2019.08.19"]
[Round "5.2"]
[White "Hernandez Moya, Yuleisy"]
[Black "Saikhanchimeg, Tsogtsaikhan"]
[Result "0-1"]
[WhiteElo "2199"]
[BlackElo "2011"]
[Annotator "TA"]
[PlyCount "68"]
[EventDate "2019.08.14"]
[EventType "tourn"]
[EventCountry "USA"]
[SourceTitle "playchess.com"]
[Source "ChessBase"]
[SourceQuality "1"]

{[%evp 14,68,49,52,55,39,64,50,56,50,66,64,58,46,58,35,44,43,39,46,76,75,84,76,86,29,40,0,0,-60,-18,-63,-19,-20,-25,-96,-64,-129,-154,-735,-705,-661,-525,-1514,-1453,-5506,-1891,-29988,-29980,-29991,-29992,-29994,-29994,-29994,-29995,-29995,-29996]} 1. e4 c5 2. Nf3 e6 3. d4 cxd4 4. Nxd4 a6 5. c4 Nf6 6. Nc3 Qc7 7. a3 b6 8. Be3 Bb7 {B41: Sicilian: Kan Variation: 5 c4} 9. f3 d6 10. Be2 (10. Rc1 Nbd7 11. Be2 Rc8 12. O-O Be7 13. b4 Qb8 14. Qd2 Bd8 15. Kh1 h5 16. Nb3 {1-0 (36) Karjakin,S (2753)-Smirin,I (2609) St Petersburg 2018}) 10... Nbd7 {White is slightly better.} 11. O-O Be7 12. Qd2 O-O 13. Rfc1 Rac8 14. a4 Rfe8 15. a5 bxa5 16. Nb3 Rb8 $146 ({Predecessor:} 16... h5 17. Nxa5 Ba8 18. Nd1 h4 19. Nf2 {1-0 (51) Vocaturo,D (2572)-Cruz,F (2400) Santa Coloma 2015}) 17. Nxa5 Ba8 18. Kh1 Ne5 {[#]} 19. b4 $1 {[%mdl 512]} d5 $1 $11 {[%cal Rd5e4]} (19... Rxb4 20. Nb5) 20. c5 (20. exd5 Bxb4 21. Qd4 Ng6 $15) 20... dxe4 21. fxe4 (21. Nxe4 $11 Nxe4 22. fxe4) 21... Red8 ({Of course not} 21... Nxe4 $6 22. Nxe4 Bxe4 23. Bf4 $11) (21... Rxb4 $6 22. Nd5 $14) (21... Bxe4 $6 22. Nxe4 Nxe4 23. Qe1 $11) 22. Qe1 $1 Nd3 ({Worse is} 22... Nxe4 23. Nxe4 Bxe4 24. Bf4 $14) 23. Bxd3 $1 Rxd3 24. Bf2 (24. Qe2 $11 Rdd8 25. b5 Bxc5 26. Bxc5 Qxc5 27. bxa6) 24... Rxb4 $17 {[%cal Rf6e4] [#]} 25. Nd5 {[#]} (25. c6 $1 $15 {[%mdl 512]}) 25... Bxd5 $1 $40 {[%mdl 640] Black attacks with force.} 26. Qxb4 $2 (26. exd5 $17 Nxd5 27. Qf1) 26... Nxe4 $19 {Strongly threatening ...Rh3!} 27. Rc2 Qf4 28. Qe1 {[#]} Rh3 $1 {[%csl Gh3][%cal Rf4h2][%mdl 512]} 29. Qg1 {[#]} (29. gxh3 Nxf2+) 29... Bf6 $1 {[%mdl 512]} 30. Nc4 Bxa1 {Black mates.} 31. c6 {[#]} Bd4 $1 32. Ne3 (32. Bxd4 Ng3#) 32... Bxe3 33. c7 Nxf2+ {[%mdl 64] Overworked Piece} 34. Rxf2 Qxc7 {Accuracy: White = 35%, Black = 54%.} 0-1

[Event "Berkeley Summer IM 2019"]
[Site "Berkeley"]
[Date "2019.08.19"]
[Round "5.3"]
[White "Cervantes Landeiro, Thalia"]
[Black "Ordaz Valdes, Lisandra Teresa"]
[Result "1/2-1/2"]
[WhiteElo "2118"]
[BlackElo "2393"]
[Annotator "TA"]
[PlyCount "60"]
[EventDate "2019.08.14"]
[EventType "tourn"]
[EventCountry "USA"]
[SourceTitle "playchess.com"]
[Source "ChessBase"]
[SourceQuality "1"]

{[%evp 9,60,20,32,28,25,15,18,18,12,13,15,12,14,13,18,17,16,19,27,21,27,14,27,24,27,20,20,12,27,23,13,21,27,13,20,20,18,22,20,13,13,13,31,28,33,36,32,6,2,0,10,0,0]} 1. d4 d5 2. c4 e6 3. Nc3 Be7 4. cxd5 exd5 5. Bf4 c6 6. Qc2 {D31: Queen's Gambit Declined: Semi-Slav without ...Nf6 (+ Marshall Gambit and Noteboom) and Exchange Variation lines without ...Nf6} (6. e3 Bf5 7. g4 Be6 8. h3 Nd7 9. Bd3 h5 10. gxh5 Ndf6 11. h6 Nxh6 12. Qc2 Qd7 13. Nf3 Bf5 14. Ne5 Bxd3 15. Nxd3 Nh5 16. Bh2 Qxh3 {½-½ (32) Radjabov,T (2757)-Giri,A (2783) Wijk aan Zee 2019}) 6... Nf6 7. h3 Bd6 8. Bxd6 Qxd6 9. e3 O-O 10. Bd3 b6 11. Nf3 Ba6 12. O-O Bxd3 13. Qxd3 Nbd7 14. Rfd1 $146 Rfe8 15. Rac1 Rac8 16. Rc2 Ne4 17. Nd2 {[%cal Rd2e4]} Nxc3 18. Rxc3 Nf6 19. Qa6 Rc7 20. Rdc1 g6 21. a3 Rec8 22. b4 Nd7 23. Qd3 Nf6 24. Nb3 Ne4 25. R3c2 c5 (25... Qf6 {looks sharper.} 26. Qe2 Nd6 27. Nd2 Qe7 28. Qd3 Kg7) 26. dxc5 bxc5 27. bxc5 Nxc5 28. Nxc5 Rxc5 {The position is equal.} 29. Rxc5 Rxc5 30. Rxc5 Qxc5 {Accuracy: White = 57%, Black = 57%.} 1/2-1/2

[Event "Berkeley Summer IM 2019"]
[Site "Berkeley"]
[Date "2019.08.19"]
[Round "5.4"]
[White "Krush, Irina"]
[Black "Wang, Annie"]
[Result "1/2-1/2"]
[WhiteElo "2417"]
[BlackElo "2321"]
[Annotator "TA"]
[PlyCount "173"]
[EventDate "2019.08.14"]
[EventType "tourn"]
[EventCountry "USA"]
[SourceTitle "playchess.com"]
[Source "ChessBase"]
[SourceQuality "1"]

{[%evp 21,173,20,18,26,75,60,77,58,70,47,85,84,117,113,116,91,100,103,172,170,172,168,172,179,148,130,132,139,139,132,132,132,132,132,132,136,133,134,131,125,134,121,103,92,128,120,162,138,182,205,217,213,220,97,127,97,97,90,90,92,129,79,95,95,226,122,122,0,19,0,122,122,321,341,244,0,0,0,0,-402,-415,-408,-398,-378,-393,-378,-359,-352,-321,-256,0,0,0,0,0,-12,-6,-8,-8,-14,-18,-116,-27,-217,0,-468,0,0,175,175,160,160,743,735,718,680,680,679,690,683,651,637,664,273,250,0,0,0,0,0,0,0,0,0,0,0,0,0,0,0,0,0,0,0,0,0,0,0,0,0,0,0,0,0]} 1. d4 e6 2. Nf3 Nf6 3. e3 d5 4. Bd3 c5 5. b3 Nc6 6. O-O Bd6 7. dxc5 Bxc5 8. Bb2 O-O 9. a3 b6 10. b4 Be7 11. Nbd2 Bb7 12. Qe2 {D05: Colle System with ...e6} Qc7 (12... a5 13. b5 Nb8 14. c4 Nbd7 15. Rfd1 Nc5 16. Bc2 Qe8 17. cxd5 Nxd5 18. e4 Nf6 19. a4 Qb8 {½-½ (49) Naiditsch,A (2689)-Kovacevic,A (2507) Hungary 2016}) 13. c4 $146 ({Predecessor:} 13. Rac1 Rac8 14. c4 Qb8 15. e4 dxc4 16. Nxc4 Rfd8 17. b5 Na5 18. Nxa5 bxa5 19. Ne5 Qa8 {½-½ (45) Gonzalez Rodriguez,J (2336)-Frois,A (2346) Madrid 2000}) 13... Rad8 14. Rac1 {Black must now prevent Bxf6.White is better.} Qb8 15. h3 h6 16. Bb1 Qa8 17. cxd5 Rxd5 18. Ne4 Nxe4 19. Bxe4 Rdd8 (19... Rd6 $16) 20. Bb1 $1 $18 Nb8 21. Rc7 Bd6 22. Qc2 {[%csl Gb1][%cal Rc2h7]} Be4 23. Qc3 {[%csl Gb2][%cal Rc3g7]} ({Much weaker is} 23. Qxe4 $6 Qxe4 24. Rxf7 Kxf7 $11) 23... f6 24. Bxe4 Qxe4 25. Rxa7 Nc6 26. Ra6 $1 Ne5 27. Nxe5 $1 Bxe5 28. Qb3 Bxb2 29. Qxb2 Rd6 30. Rc1 Rfd8 31. Qc2 Qe5 32. Qe2 Rd2 33. Qf3 R8d6 34. g3 Kh7 35. Ra7 Rd7 36. Rxd7 Rxd7 {[%mdl 4096] Endgame KQR-KQR} 37. Kg2 (37. Rc6 $18 {and White stays clearly on top.}) 37... Ra7 38. Rc6 Rxa3 39. Rxb6 Ra2 40. Rc6 f5 41. h4 Rb2 42. Rb6 $1 Rb1 (42... Ra2 $16 {was worth a try.}) 43. h5 (43. Qc6 $18) 43... Rb2 $16 44. Rb7 (44. g4 $1 $16) 44... Rb3 45. Rb6 (45. Re7 $11) 45... Rb2 $1 46. g4 $1 Rb1 $2 (46... Qf6 $16 47. gxf5 Qg5+ 48. Qg3 Qxf5) 47. gxf5 $18 exf5 48. Rb7 $2 (48. Qc6 $18 {Strongly threatening Qg6+.} Qe4+ 49. Qxe4 fxe4 50. b5) 48... Qf6 $1 $11 49. b5 Rb4 $1 {[%cal Rb4g4]} 50. Rc7 $2 {[%mdl 8192]} (50. Rd7 $11) 50... Rg4+ $19 51. Kf1 Qa1+ 52. Ke2 Qb2+ {[%mdl 64] Double Attack} 53. Kd3 Qxb5+ 54. Kd2 Qa5+ 55. Kd3 Ra4 $2 (55... Rg1 $1 $19 56. Rc4 Qb5) 56. Qb7 $11 Ra3+ 57. Ke2 Qe5 $36 {[%mdl 2048] Black has the initiative.} 58. Rf7 Ra2+ 59. Kf3 Ra1 60. Kg2 Ra4 61. Kf3 (61. Rf8 $1 $11 {remains equal.}) 61... Rg4 (61... Qa1 $17 {( -> ...Qd1+)} 62. Qb3 Qh1+ 63. Ke2 Qxh5+ 64. Kd2 Qf3 65. Qxa4 Qd5+ {[%mdl 64] Double Attack} 66. Qd4 Qxf7) 62. Re7 $2 (62. Rf8 $1 $11) 62... Qf6 $2 (62... Qh2 $19 63. Ke2 Qxh5) 63. Rf7 $2 {[%mdl 8192]} (63. Qd5 $11 {and White is okay.} Qg5 64. Rf7 Qxh5 65. Qxf5+ Qxf5+ 66. Rxf5) 63... Qg5 $2 (63... Qh4 $19 64. Qd7 Rg5) 64. Qd5 Rg1 $2 (64... Qxh5 $11 {and Black has nothing to worry.} 65. Qxf5+ Qxf5+ 66. Rxf5 Ra4) 65. Qxf5+ $18 Qxf5+ 66. Rxf5 {KR-KR} g6 $2 {[#]} (66... g5 $16) 67. Rf7+ $1 Kg8 68. hxg6 Rxg6 69. Ra7 Rf6+ 70. Ke2 h5 71. f4 h4 72. Kf3 (72. Ra1 $142 Rh6 73. Rh1) 72... Rg6 {[#]} 73. f5 $2 (73. Ra5 $1 $18 {[%cal Ra5g5] aiming for Rg5.} Rg3+ 74. Ke4) 73... Rg3+ $1 $11 {The position is equal.} 74. Kf4 Rg2 $1 75. e4 {Threatens to win with Ra3.} h3 {...h2 is the strong threat.} 76. Ra3 h2 77. Rh3 Kg7 78. Ke5 Re2 79. f6+ Kf7 80. Rh7+ Kg6 81. Rh8 Ra2 82. Rh3 Ra5+ 83. Ke6 Ra6+ 84. Ke7 Ra7+ 85. Ke6 Ra6+ 86. Ke7 Ra7+ 87. Ke6 {Accuracy: White = 47%, Black = 49%.} 1/2-1/2

[Event "Berkeley Summer IM 2019"]
[Site "Berkeley"]
[Date "2019.08.19"]
[Round "5.5"]
[White "Uyanga, Byambaa"]
[Black "Belakovskaia, Anjelina"]
[Result "1-0"]
[WhiteElo "2114"]
[BlackElo "2191"]
[Annotator "TA"]
[PlyCount "87"]
[EventDate "2019.08.14"]
[EventType "tourn"]
[EventCountry "USA"]
[SourceTitle "playchess.com"]
[Source "ChessBase"]
[SourceQuality "1"]

{[%evp 14,87,53,52,51,26,57,53,62,59,73,62,58,44,97,102,117,112,157,91,90,80,85,25,0,8,482,468,463,462,470,467,481,475,456,458,458,442,449,445,434,386,502,531,661,648,662,646,757,732,4925,4914,4910,4910,29964,29964,29966,29965,5927,5018,29973,29974,29977,29978,29978,29979,29982,29983,29983,29983,29981,29982,29982,29983,29983,29984]} 1. e4 d5 2. exd5 Nf6 3. d4 Nxd5 4. c4 Nb6 5. Nc3 Bf5 6. Nf3 e6 7. Be2 Be7 8. O-O O-O {B01: Scandinavian Defence} 9. Qb3 {Threatens to win with c5.} (9. h3 c5 10. Be3 Qc8 11. Rc1 Rd8 12. Qb3 N8d7 13. Rfd1 h6 14. a3 Bg6 15. Qa2 cxd4 16. Bxd4 {½-½ (67) Perpinya Rofes,L (2400)-Bergez,L (2368) Catalunya 2014}) 9... Qc8 10. Bf4 c6 {White is slightly better.} 11. Rac1 N8d7 12. a4 $146 {And now a5 would win.} ({Predecessor:} 12. Rfd1 Re8 13. a4 Nf8 {1-0 (50) Finnlaugsson,G (2024)-Patola,E (1862) Sastamala 2016}) 12... a5 13. Rfd1 Bb4 (13... Re8 $14) 14. Nh4 $16 Re8 15. c5 Nd5 16. Nxd5 (16. Nxf5 $142 Nxf4 17. Nd6 {[%mdl 64] Double Attack}) 16... exd5 17. Nxf5 Rxe2 18. Be5 (18. Nd6 $16 Qd8 19. Kf1 (19. Nxb7 Qf6 $11)) 18... Rxe5 $11 19. dxe5 $40 {[%mdl 128] Hoping for Ne7+. Black needs to defend precisely.} Nxc5 $2 {[%mdl 8192]} (19... Qe8 $11) 20. Ne7+ $18 Kf8 21. Qxb4 $1 ({Inferior is} 21. Nxc8 Nxb3 22. Nb6 Ra6 $17) 21... axb4 22. Nxc8 Nb3 23. Nb6 Ra6 24. Nd7+ Ke7 25. Nc5 Nxc5 26. Rxc5 Rxa4 27. Rcc1 Ke6 28. Ra1 Rxa1 29. Rxa1 Kxe5 {[%mdl 4096] Endgame KR-KP} 30. Ra7 b5 31. Rc7 Kd6 32. Rxf7 c5 33. Kf1 b3 34. Ke2 c4 35. Kd2 b4 36. Rb7 Kc5 37. Rxg7 {White mates.} d4 38. Rxh7 c3+ 39. Kc1 Kd6 40. Rh8 Ke5 41. Rd8 Ke4 42. h4 d3 43. h5 d2+ {[#]} 44. Rxd2 $1 {Accuracy: White = 85%, Black = 18%.} 1-0

[Event "Berkeley Summer IM 2019"]
[Site "Berkeley"]
[Date "2019.08.20"]
[Round "6.1"]
[White "Belakovskaia, Anjelina"]
[Black "Krush, Irina"]
[Result "0-1"]
[WhiteElo "2191"]
[BlackElo "2417"]
[Annotator "TA"]
[PlyCount "88"]
[EventDate "2019.08.14"]
[EventType "tourn"]
[EventCountry "USA"]
[SourceTitle "playchess.com"]
[Source "ChessBase"]
[SourceQuality "1"]

{[%evp 11,88,11,18,0,41,32,40,0,0,-11,8,14,5,-23,9,-3,12,10,32,15,56,45,54,44,36,44,42,35,49,56,54,39,53,39,47,31,30,26,22,25,32,22,39,41,55,15,21,27,29,26,54,43,58,57,60,28,5,0,0,0,0,0,0,0,0,0,0,-31,74,0,0,0,398,-29989,-29990,-29993,-29994,-29995,-29996]} 1. c4 c5 2. Nc3 Nc6 3. g3 g6 4. Bg2 Bg7 5. e3 d6 6. Nge2 h5 7. h3 {A36: Symmetrical English vs ...g6: 4 Bg2 Bg7} Nh6 8. d3 Nf5 9. Nf4 $146 {White is slightly better.} ({Predecessor:} 9. b3 Bd7 10. Bb2 a6 11. Qd2 Rb8 12. Ne4 e5 13. N4c3 b5 14. Nd5 Nfe7 {½-½ (54) Gurevich,M (2667)-Minasian,A (2595) New Delhi/Teheran 2000}) 9... Qd7 10. Qa4 Ne5 11. Qc2 Rb8 12. Ne4 b5 13. Rb1 $1 bxc4 14. dxc4 Bb7 15. O-O h4 16. g4 Nh6 17. g5 Nf5 18. Rd1 {[#] Nxc5! is the strong threat.} Qc7 19. Nd5 Bxd5 20. Rxd5 O-O 21. b3 a5 22. Rd1 a4 23. Nc3 axb3 24. axb3 e6 25. Ne4 Qe7 26. Bb2 Rb6 27. Bc3 Rfb8 28. Re1 (28. Ba5 $5 {[%cal Ra5b6]}) 28... Nd7 29. Bxg7 Kxg7 30. Qc3+ f6 31. Re2 e5 32. gxf6+ Nxf6 33. Nxf6 Qxf6 34. Ra2 Kh6 35. Ra7 Ng7 36. Qd3 $36 {[%mdl 2048] White has good play.} Ne6 37. Rf1 Ng7 38. Rb1 Qf5 39. Rd1 Qg5 (39... Rxb3 $15 40. Qe4 (40. Qxd6 Rb1 $15) 40... Qf6) 40. Rda1 ({Better is} 40. Qd5 $16 {aiming for Qf7.} Qf6 41. Rf7) 40... Qf5 41. Qd5 {[#] And now Be4 would win.} Rxb3 $2 {[%mdl 8192]} (41... Ne6 $11 {and Black has nothing to worry.}) 42. Qxd6 $4 {[%mdl 8192]} (42. Be4 $18 Rb1+ 43. Bxb1 Rxb1+ 44. Rxb1 Qxb1+ 45. Kg2) 42... Rb1+ {Black mates.} 43. Rxb1 Rxb1+ 44. Kh2 Qxf2 0-1